LEADER 01476nam a2200313 i 4500 001 000000150034 003 CaOOAMICUS 005 20060525000000.0 008 060525s2006 it u000 u ita u 013 $a127366 020 $a88-215-5575-5 040 $aSeMil$bita 100 1 $aCosenza, Vincenzo .$0(OLS)http://semarc/name/48415 245 10$aLancillotto Avellino :$bl'avventura di un vita senza compromessi /$cVincenzo Cosenza ; Premessa di Valentín Arteaga ; Prefazione di Marcella Campanelli. 260 $aCinisello Balsamo :$bSan Paolo,$c2006. 300 $a191 p., [16] p. di tav. ;$c22 cm. 490 0 $aI protagonisti ;$v74. 500 $aContiene : Bibliografia. - Dono del Card. Dionigi Tettamanzi. 600 14$aAvellino, Andrea .$0(OLS)http://semarc/subject/24933 700 1 $aCampanelli, Marcella.$0(OLS)http://semarc/name/59233 700 1 $aArteaga, Valentín.$0(OLS)http://semarc/name/59232 830 2$aI protagonisti ;$v74.$0(OLS)http://semarc/title/5908 850 $aSeMil 852 $aSeMil$W1$xVenegono$y1$m3H II 7$j102209$B102209$CSeMilBibl$Z2$F112136 $81 941 1 $a5 961 $aOmaggio: Tettamanzi Card. Dionigi 996 $6020$a88-215-5575-5$9(OLS)http://semarc/number/139365 996 $6245$aLancillotto Avellino :$bl'avventura di un vita senza compromessi$9(OLS)http://semarc/title/219372 996 $6260$aCinisello Balsamo :$bSan Paolo$9(OLS)http://semarc/publisher/30129 LEADER 01280nam a2200241 i 4500 001 000000194184 003 CaOOAMICUS 005 20101108000000.0 008 101108n it u000 u ita u 013 $a172832 040 $aSeMil$bita 245 13$aLa pace :$bda Giovanni 23. a Paolo 6. : riflessioni del Cardinale Maurice Roy, in occasione del decimo anniversario dell'Enciclica «Pacem in terris». 260 $aTorino-Leumann :$bElle Di Ci,$c[19--?] 300 $a61 p. ;$c19 cm. 490 0 $aMaestri della fede : collana di magistero episcopale ;$v56 650 4$aGiovanni XXIII - Encicliche . Pacem in terris - Meditazioni.$0(OLS)http://semarc/subject/36469 700 1 $aRoy, Maurice .$0(OLS)http://semarc/name/70585 830 0$aMaestri della fede. Esperienze ;$v56.$0(OLS)http://semarc/title/420007 850 $aSeMil 852 $aSeMil$W1$xVenegono$y1$m5A XII 1/49 =$j144758$B144758$CSeMilBibl$Z2$F156177 $81 961 $aOmaggio: Altro 996 $6245$aLa pace :$bda Giovanni 23. a Paolo 6. : riflessioni del Cardinale Maurice Roy, in occasione del decimo anniversario dell'Enciclica «Pacem in terris»$9(OLS)http://semarc/title/279987 996 $6260$aTorino-Leumann :$bElle Di Ci$9(OLS)http://semarc/publisher/30113